00528nam a22001457a 4500082001900000100002900019245005500048260004700103300005200150526003700202650001300239942001200252999001900264952009900283 a624.18341bFIB aSorouhain, Parviz943204 aFiber reinforced concrete design and applications. aMichigan bMichigan State Universityc1987 a1.16, 2.35,3.29, 4.22, 5.27 p. :bill. :c10 Cm a0b0c0d624_183410000000000_FIB aMCE9379 2ddccBK c547008d547008 00102ddc4070aMCEbMCEd2014-06-27l0o624.18341 FIBpMCE-41453r2014-06-27w2014-06-27yBK